000 00556nam a2200181Ia 4500
008 100920s9999 xx 000 0 und d
082 _b86479
_a24 न 04
100 _aभडभडे सुमन.
245 _aकल्पतरू.
260 _bनंदादीप बुक सर्व्हिसेस्र, सोलापूर.
_c2004
300 _a256
_bसाधी
365 _b210
520 _aसायो.
630 _aकल्पतरू.
650 _aसायो.
730 _aकल्पतरू.
942 _cBOOK
999 _c726989
_d726986